000 00365nam a2200121Ia 4500
008 220204s9999 xx 000 0 und d
082 _a062
_bADL
100 _aAdler, Yu P
245 0 _aDesign of experiments to find optimal conditions: A programmed introduction to the design of experiments
260 _aMoscow
_bMir
_c1975
505 _aTr by Leib, G
942 _cBK
999 _c24146
_d24146